000 00469nmm a2200157Ia 4500
008 251105s9999||||xx |||||||||||||||||und||
020 _a9789560106537
041 _aspa
100 _aRuiz Gutiérrez, Cristián
245 0 _aRecuerdos incompletos de un reloj
264 _a[Santiago de Chile, Chile] :
_bRil editores,
_c2019
300 _a48 páginas
650 _aLatin American narrative
856 _uhttps://public.digitaliapublishing.com/a/65430
942 _cCF
999 _c93995
_d93995